[Event "New Delhi Parsvnath op-B 17th"]
[Site "New Delhi"]
[Date "2019.01.10"]
[Round "6"]
[White "Vishnu, Devyadav"]
[Black "Sham, R."]
[Result "1/2-1/2"]
[WhiteElo "1751"]
[BlackElo "1590"]
[PlyCount "89"]
[EventDate "2019.01.09"]
[EventType "swiss"]
[EventRounds "10"]
[EventCountry "IND"]
[SourceTitle "CBM 189 Extra"]
[Source "ChessBase"]
[SourceDate "2019.06.03"]
[SourceVersion "1"]
[SourceVersionDate "2019.06.03"]
[SourceQuality "1"]

1. e4 c5 2. c3 d5 3. exd5 Qxd5 4. Nf3 Nc6 5. d4 Bf5 6. Be2 cxd4 7. cxd4 e6 8. Nc3 Qa5 9. 0-0 Nf6 10. Qb3 Bb4 11. a3 Bxc3 12. Qxb7 0-0 13. Qxc6 Rac8 14. Qa6 Qxa6 15. Bxa6 Rc6 16. bxc3 Rxa6 17. Be3 Rc8 18. Rfc1 Rac6 19. Ne5 Rxc3 20. Rxc3 Rxc3 21. Rc1 Rxc1+ 22. Bxc1 Nd5 23. Bd2 f6 24. Nc6 a6 25. Nb4 Nxb4 26. Bxb4 Kf7 27. f3 Ke8 28. Kf2 Kd7 29. Ke3 Bb1 30. g3 g5 31. h4 h5 32. Kf2 Bg6 33. Ke3 Bb1 34. Kf2 Bh7 35. Ke3 Bg6 36. Kf2 g4 37. fxg4 hxg4 38. Ke3 e5 39. dxe5 fxe5 40. Bc3 Ke6 41. Bb4 Kd5 42. Bc3 Ke6 43. Bb4 Kd5 44. Bc3 Ke6 45. Bb4 1/2-1/2